| 000 | 00559nam a22001937a 4500 | ||
|---|---|---|---|
| 999 |
_c4079 _d4079 |
||
| 003 | AR-CdUCM | ||
| 008 | 190307b ||||| |||| 00| 0 spa d | ||
| 040 |
_aMUNICIPALIDAD PROVINCIAL DEL CUSCO _cBIBLIOTECA MUNICIPAL DEL CUSCO |
||
| 082 |
_a869.569 / _bAB15 |
||
| 100 |
_aAbril, Xavier _912957 |
||
| 245 | _aExégesis trílcica / | ||
| 260 |
_aLima : _bGráfica labor, _c1980. |
||
| 300 |
_a174 páginas ; _c21 cm. |
||
| 500 | _aDonación familia Nieto | ||
| 650 |
_aLiteratura peruana _9169 |
||
| 650 |
_aSiglo XX _98 |
||
| 942 |
_2ddc _cLIBROS |
||
| 945 | _aafb | ||